| 000 | 01145cam a2200277 4500 | ||
|---|---|---|---|
| 001 | ABS64958 | ||
| 008 | 011211n2001 000 0 eng u | ||
| 035 | _a(Sirsi) u115958 | ||
| 100 | _aSpring, M. | ||
| 245 | _aCome together | ||
| 260 | _c2001 | ||
| 490 |
_aBuilding _v266(8208) 2 November 2001, 46-48(3) |
||
| 520 | _aFocus on urban regeneration in Liverpool. Although Liverpool has not experienced significant improvement in relation to the funding it has received, prospects are improving with new regeneration strategies and partnerships. Looks at the urban regeneration company Liverpool Vision and its new strategic framework, loft developer Urban Splash, development opportunities in the commercial and residential sectors, and innovative housing partnerships. | ||
| 590 | _aABS | ||
| 650 | _aLIVERPOOL | ||
| 650 | _aLIVERPOOL VISION | ||
| 650 | _aURBAN REGENERATION COMPANIES | ||
| 650 | _aURBAN REGENERATION | ||
| 650 | _aCOMMERCIAL SECTOR | ||
| 650 | _aDEVELOPMENT | ||
| 650 | _aREGENERATION PARTNERSHIPS | ||
| 650 | _aSOCIAL HOUSING | ||
| 650 | _aRESIDENTIAL SECTOR | ||
| 690 | _aREGENERATION | ||
| 942 | _n0 | ||
| 999 |
_c69081 _d69081 |
||